00250nam a2200109Ia 4500008004100000100001600041245002000057260002500077260000900102546001200111999001700123170619s9999 xx 000 0 und d aGill- P. S. 0aMachine Drawing bS. K. Kataria & Sons c2004 aENGLISH c17354d17354